| 000 | 00490 a2200157 4500 | ||
|---|---|---|---|
| 999 |
_c6754 _d6754 |
||
| 020 | _a0949932590 | ||
| 050 | _aPL8842 MAT 1984 | ||
| 100 |
_aMatindike, Sheila. G _eAuthor |
||
| 245 |
_aIlifa lesizwe : _buhlelo olutsha lwesiNdebele: ibhuku 6 _cSheila G. Matindike and Naume Mabel M. Dube |
||
| 264 |
_aHarare: _bZimbabwe Publishing House, _c1984. |
||
| 300 | _a131p. : | ||
| 500 | _aIn Venda | ||
| 650 |
_aVenda _xLanguages |
||
| 700 |
_aDube, N.M.M. _eauthor |
||
| 942 |
_2lcc _cBK _h8842 _iMAT _kPL |
||